Sparse, inconsistent and unreliable: tax records and the world inequality report 2018 (Record no. 509907)

000 -LEADER
fixed length control field 00447nam a22001457a 4500
008 - FIXED-LENGTH DATA ELEMENTS--GENERAL INFORMATION
fixed length control field 190701b ||||| |||| 00| 0 eng d
100 ## - MAIN ENTRY--PERSONAL NAME
Personal name Galbraith, James K.
245 ## - TITLE STATEMENT
Title Sparse, inconsistent and unreliable: tax records and the world inequality report 2018
260 ## - PUBLICATION, DISTRIBUTION, ETC. (IMPRINT)
Date of publication, distribution, etc 2019
300 ## - PHYSICAL DESCRIPTION
Extent p.329-346.
650 ## - SUBJECT ADDED ENTRY--TOPICAL TERM
Topical term or geographic name as entry element World Inequality Report 2018
9 (RLIN) 6709
773 ## - HOST ITEM ENTRY
Main entry heading Development and Change
906 ## - LOCAL DATA ELEMENT F, LDF (RLIN)
Subject DIP Income distribution
942 ## - ADDED ENTRY ELEMENTS (KOHA)
Item type Articles
Holdings
Withdrawn status Lost status Source of classification or shelving scheme Damaged status Not for loan Permanent location Current location Date acquired Serial Enumeration / chronology Barcode Date last seen Koha item type
          Indian Institute of Public Administration Indian Institute of Public Administration 2019-07-01 50(2), Mar, 2019: p.329-346. AR120007 2019-07-01 Articles

Powered by Koha